000 00550nam a22001457a 4500
008 140411b xxu||||| |||| 00| 0 spa d
082 _214
_a323
245 0 0 _aInforme anual 2010 :
_bviolaciones a los derechos humanos en los lugares de detención de la provincia de Buenos Aires. /
260 _aBuenos Aires :
_bComité contra la tortura,
_c2010.
300 _a550 p.
650 0 _91105
_aDERECHOS HUMANOS
856 4 1 _uhttp://bibliots.trabajosocial.unlp.edu.ar/meran/opac-detail.pl?id1=4073
942 _2ddc
_cLIBRO
980 _81943
_gVALERIA BEATRIZ DOMÍNGUEZ
999 _c1987
_d1987